Normal view
MARC view
Entry Personal Name
001 - CONTROL NUMBER
- control field: 19162
003 - CONTROL NUMBER IDENTIFIER
- control field: OSt
005 - DATE AND TIME OF LATEST TRANSACTION
- control field: 20240919190121.0
008 - FIXED-LENGTH DATA ELEMENTS
- fixed length control field: 240919|| aca||aabn | a|a d
040 ## - CATALOGING SOURCE
- Original cataloging agency: OSt
- Transcribing agency: OSt
100 ## - HEADING--PERSONAL NAME
- Personal name: Wing, J. K.
- Fuller form of name: (John Kenneth),
- Dates associated with a name: 1923-
670 ## - SOURCE DATA FOUND
- Source citation: Work cat.: (OSt)9384: Edited by J.K Wing and Lorna Wing 19158, Psychoses of uncertain aetiology /, 1982.
